|
|
|
|
| LEADER |
01423nam a2200265 4500 |
| 001 |
10112170 |
| 003 |
upatras |
| 005 |
20210117204940.0 |
| 008 |
140305s1996 gr gre |
| 020 |
|
|
|a 9607663020
|
| 040 |
|
|
|a GR-PaULI
|e AACR2
|c GR-PaULI
|
| 041 |
0 |
|
|a gre
|
| 082 |
0 |
4 |
|a 956.102
|
| 100 |
1 |
|
|a Ηλιάδης, Μάνος Δ.
|4 aut
|9 58999
|
| 245 |
1 |
0 |
|a Τα μυστικά αρχεία του γερμανικού Υπουργείου Εξωτερικών και του Φόρεϊν Όφις για την Τουρκία
|b η πολιτική του "επιτήδειου ουδέτερου" στο Β' παγκόσμιο πόλεμο μέσα από απόρρητα γερμανικά και αγγλικά έγγραφα
|c Μάνος Δ. Ηλιάδης
|
| 260 |
|
|
|a Αθήνα
|b Λαβύρινθος
|c 1996
|
| 300 |
|
|
|a 223 σ.
|c 21 εκ.
|
| 504 |
|
|
|a Περιέχει βιβλιογραφία
|
| 650 |
|
4 |
|a Παγκόσμιος πόλεμος, 1939-1945
|z Τουρκία
|9 137078
|
| 651 |
|
4 |
|a Τουρκία
|x Σχέσεις
|z Γερμανία
|9 137079
|
| 852 |
|
|
|a GR-PaULI
|b ΠΑΤΡΑ
|b ΒΚΠ
|b ΑΝΤ
|k ΟΧΙΔ
|h 956.102 ΗΛΙ
|m 046800
|p 025000061087
|t 1
|
| 942 |
|
|
|2 ddc
|c BKN
|
| 952 |
|
|
|0 0
|1 0
|4 0
|6 956_102000000000000_ΗΛΙ
|7 0
|9 163993
|a LISP
|b LISP
|c DON
|d 2016-04-24
|i 046800
|l 0
|o 956.102 ΗΛΙ
|p 025000061087
|r 2016-04-24 00:00:00
|t 1
|w 2016-04-24
|y BKN
|
| 998 |
|
|
|c ΜΠΟΥΡΑΣ
|d 2014-03
|
| 999 |
|
|
|c 102851
|d 102851
|